000 00871cab a2200229 4500
001 WB2708-50
008 090401t1991 xxu||||| |||| 00| 0 eng d
035 _a(Sirsi) u14494
041 _aeng
245 _aMore estate agents join ombudsman scheme
260 _c1991
350 _a0
490 _aDaily Telegraph
_v16/2/91 p24
520 _aA further eleven chains of estate agents have joined the estate agents ombudsman scheme launched in July 1990, set up to arbitrate on complaints by clients of maladministration .
650 _aMANAGEMENT-DISPUTE AVOIDANCE, MANAGEMENT AND RESOLUTION-DISPUTE MANAGEMENT AND RESOLUTION-ARBITRATION
650 _aCODE OF PRACTICE
650 _aOMBUDSMAN FOR CORPORATE ESTATE AGENTS
650 _aPROFESSIONAL CONDUCT
690 _aMANAGEMENT-BUSINESS MANAGEMENT-PROFESSIONAL PRACTICE
942 _n0
948 _c04/03/1997
999 _c9449
_d9449